Технологические остаточные напряжения и их влияние на точность механической обработки резанием: учебное пособие

Detaylı Bibliyografya
Yazar: Кувалдин Ю. И
Dil:Rusça
Baskı/Yayın Bilgisi: Киров, [Б. и.], 1991
Konular:
Materyal Türü: Kitap
KOHA link:https://koha.lib.tpu.ru/cgi-bin/koha/opac-detail.pl?biblionumber=31734

MARC

LEADER 00000nam0a2200000 4500
001 31734
005 20231030204554.0
035 |a (RuTPU)RU\TPU\book\32026 
035 |a BOOK00000105 
090 |a 31734 
100 |a 20011210d1991 u y0rusy50 ca 
101 0 |a rus 
102 |a RU 
105 |a  f 001|y 
200 1 |a Технологические остаточные напряжения и их влияние на точность механической обработки резанием  |e учебное пособие  |f Ю. И. Кувалдин 
210 |a Киров  |c [Б. и.]  |d 1991 
215 |a 80 с. 
320 |a Библиогр.: с. 78-80. 
610 1 |a металлобработка 
610 1 |a резание 
610 1 |a механическая обработка 
610 1 |a точность 
610 1 |a напряжения 
610 1 |a классификация 
610 1 |a остаточные деформации 
610 1 |a учебные пособия 
675 |a 621.9.011(075.8)  |v 3 
700 1 |a Кувалдин  |b Ю. И 
801 0 |a RU  |b 63413507  |c 20011210  |g PSBO 
801 2 |a RU  |b 63413507  |c 20170111  |g RCR 
942 |c BK